00602nam a22001337a 4500999001700000008004100017020001800058050002300076245012300099260005800222300001800280942003400298952013600332 c30346d30346190516b xxu||||| |||| 00| 0 eng d a9789966082015 aBX 1405b.C38 2007 aThe sacrament of charity :bpost-synodal apostolic exhortation sacramentum caritatis of the Holy Father Benedict XVI / aNairobi,Kenya :bPaulines Publications Africa,c2006. a88p. ;c21cm. 2lcccBOOKShBX 1405 .C38 2007 00102lcc4070aMUCbMUCcGENd2019-05-16eDonation(Books parlour ltd)l0oBX 1405 .C38 2007p38816r2019-05-16w2019-05-16yBOOKS